| 000 | 00667nam a2200217 a 4500 | ||
|---|---|---|---|
| 001 | 000023904 | ||
| 005 | 20200930022546.0 | ||
| 008 | 110117s1999 ve r 000 0 spa d | ||
| 020 | _a9803540424 | ||
| 040 |
_aDO-SdBNP _bspa _cBNPHU |
||
| 082 |
_axxxxx _bS187p |
||
| 100 | 1 |
_aSambrano, Jazmín _940325 |
|
| 245 | 1 | 0 |
_aPNL para todos : _bel modelo de la exelencia / _cJazmín Sambrano. |
| 250 | _a5a reimp. | ||
| 260 |
_aCaracas : _bAlfadil, _c1999. |
||
| 300 |
_a153 p. ; _c23 cm. |
||
| 490 | 1 |
_aVida alternativa ; _v10 |
|
| 500 | _aIncluye referencia biográfica del autor en la solapa de la portada. | ||
| 830 | 0 |
_aVida alternativa ; _n10 _949167 |
|
| 049 | _aBNGR | ||
| 999 |
_c23400 _d23400 |
||